MDQL
is popping MORE tags! Check the
thread
!
Quizzes
Events
Quiz Creation
Community
Videos
Private Events
Remove Ads
Sign In
Join for FREE
Feedback
Dark Mode
Quiz Categories
Sports
Geography
Music
Movies
Television
Just For Fun
Miscellaneous
History
Literature
Language
Science
Gaming
Entertainment
Religion
Holiday
For Kids
Quiz Lab
Recent
Popular Today
Quiz Kudos Today
Editor Picks
Curator Picks
Quizzes by...
Day
Popularity
Type
Ratings
Length
Year
Community
Subscriptions
Recent Discussions
Orange Saloon
Badges
Playlists
Quests
Create
Leaderboards
Showdown
Live 5
Trivia Bingo
Activity
Puzzle Library
Sporcle Events
Private Events
Virtual Trivia
Globe League
Become a Host
Pub Owners
SporcleCon
Opinionation
Our Games
Videos
Blog
Mobile Apps
Partnerships
Remove Ads and Go Orange
Feedback
Science
Computer
Plants
Astronomy
Chemistry
Elements
Math
Animal
Physics
Anatomy
Biology
Geology
General Science
Science
Computer
Plants
Astronomy
Chemistry
Elements
Math
Animal
Physics
Anatomy
Biology
Geology
General Science
Random Quiz
Search Sporcle
×
Quiz Lab
Quiz Lab
Science
HIV
Type in answers that appear in a list
Type in answers that appear in a list
Classic
Best Score? Go Orange.
Anti HIV agents Stats
Can you name the Anti HIV drugs?
By
flipp45
10m
19 Questions
202 Plays
202 Plays
202 Plays
Comments
Comments
Give Quiz Kudos
Give Quiz Kudos
-
- Ratings
hide this ad
Forced Order
Answers have to be entered in order
Answers have to be entered in order
Random Order
Randomize order of answers
Randomize order of answers
Replay
Link that replays current quiz
Next Quiz
Link to next quiz in quiz playlist
You Got
0%
They Got
Avg Score
47%
Avg Friend Score
Upgrade to see
Score Distribution
Jump to the score distribution portion of the page
Score
0/19
Timer
10:00
0
Plays Today
Description
agent
% Correct
Blocks CCR5 co-
receptor
Maraviroc
71.8%
Most potent cyp3A4 inhibitor of the protease inhibitors. Used to prolong half life of other PIs
Ritonavir
69.8%
Blocks DNA strand transfer from viral to host genome
Raltegravir
62.9%
NucleoTIDE analogue
Tenofovir
58.9%
binds to and inhibits gp41 of HIV
Enfuvirtide
57.9%
Prevents vertical transmission, adverse reactions: myelosuppression, gi intolerance, hematologic toxicity when given with ganciclovir or ribavirin
Zidovudine
55.9%
Inhibits and induces cyp3A4; adverse reactions: CNS toxicity, Gi intolerance, skin rash
Efavirenz
54.5%
Adverse reactions: hypersensitivity, increased risk of CVD
Abacavir
51%
Adverse reaction: peripheral neuropathy
Stavudine
47%
Can cause severe, potentially fatal hepatotoxicity
Nevirapine
47%
Description
agent
% Correct
Avoid in patients with PKU, adverse reactions: pancreatitis, retinal changes
Didanosine
45.5%
Adverse reaction: nephrolithiasis, patient must be adequately hydrated
Indinavir
45%
Contraindicated in children, adverse reactions: hypersensitivity of palms
Emtricitabine
44.6%
Adverse reactions: jaundice, increased QT interval
Atazanavir
39.6%
Co-
administration with TMP-
SMZ increases bioavailability
Lamivudine
35.1%
Adverse reaction: skin rash; drug interactions: inhibits cyp3A4 and cyp2C9
Delavirdine
31.7%
Contraindicated in patients with allergies to sulfanomides
Tipranavir
31.7%
Given to pregnant women
Nelfinavir
29.2%
Adverse reactions: GI discomfort, rhinitis. Given once daily
Saquinavir
26.7%
Quiz Playlist
Details
Report
Send in Message
Add To Playlist
Classic:
Type in answers that appear in a list
Forced Order:
Answers have to be entered in order
Random Order:
Randomize order of answers
Quiz Source
Last Updated: Feb 16, 2017
Quiz Scoreboard
CHALLENGE
Sign Up to Join the Scoreboard
Show All
Scores
Hide
Comments
May contain spoilers
Recently Published
1-10 Letter E Words III
by El_Dandy
Language
2m
Street Fighter Characters
by Artimus82
Gaming
60s
College Basketball Coaching Resumes
by pancakes188
Sports
9m
More to Explore
Quiz From the Vault
Featured Blog Post
Where Did the Easter Bunny Come From?
hide this ad
You Might Also Like...
Tags
Drug
HIV
pharmaceutical
Pharmaceutical Drugs
Pharmacology
Today's Top Quizzes in Science
Browse Science
hide this ad
Today's Top Quizzes in HIV
Browse HIV
Top Contributed Quizzes in Science
1
Quick Pick: Radians
2
The First 100 Digits of Pi
3
Quick Pick: 'CI-CJ' Animals
4
Elements In Images
5
perfect squares 1-25
6
One Thing in Common: Science
7
One Thing in Common: Science II
8
One Thing in Common: Animals
9
One Thing in Common: Science III
10
Order Up: Organs and Body Systems
Explore More
Trending Topics
Harry Potter
Anime
Kpop
NBA
Marvel
Crossword
Disney
Pokémon
Song
NFL
Soccer
Country
Puzzle
The Office
WWE
hide this ad
More By:
flipp45
Quiz
Plays
Rating
Category
Featured
Created
Developmental milestones
209
Science
Jun 3, 2012
Anti HIV agents
202
5.00
Science
Nov 17, 2010
Anatomy Questions
125
Science
Sep 15, 2010
GI anatomy
57
Science
Mar 20, 2012
Drugs used for GI diseases
52
Science
Feb 11, 2012
Go to Creator's Profile
Score Distribution
Quiz Creator Spotlight
flipp45
Follow
Send a Message
Quizzes Created
-
Created Quiz Play Count
-
More By This Creator
Popular Quizzes Today
1
Find the US States - No Outlines Minefield
2
Find the Countries of Europe - No Outlines Minefield
3
Find the US States
4
The Countries of the World
5
Risky Map Clicking: Biggest States A-Z
6
US States
7
Popular People in 1961
8
Movies - When Are They Set?
More Science Quizzes
All Named Moons of the Solar System
Published
Trending Quizzes
Risky Map Clicking: Least Populous States A-Z
1-10 Letter G Words
1-10 Letter F Words
Countries of the World: 200 Million BC
Risky Map Clicking: Next State Alphabetically
Recently Updated
Rides in Walt Disney World
pecheneg
Most Oscar Losses (Acting)
pecheneg
Beyoncé Albums
pecheneg
Leaping Animals
pecheneg
Reality TV Shows (A-Z)
bhenderson79
Rickey Henderson's Hall of Fame Teammates
pecheneg
Champions League XIs: Arsenal
pecheneg
Quick Pick: Celebrities in WWE's Hall of Fame
aduchscher
A-Z Keypad Blitz II
pecheneg
Trending Topics
Disney
NBA
Crossword
Anime
Marvel
Kpop
Harry Potter
Puzzle
Country
WWE
Pokémon
Soccer
NFL
Song
The Office
Your Account Isn't Verified!
In order to create a playlist on Sporcle, you need to verify the email address you used during registration. Go to your
Sporcle Settings
to finish the process.
Report this User
Report this user for behavior that violates our
Community Guidelines
.
Details:
Send Report
Go to the Sporcle.com Mobile Site →
Comments